000 00680nam a2200289Ia 4500
005 20260324142636.0
008 008 260324s9999 xx 000 0 eng d
020 _a9780203744550
037 _aEBOOK
040 _aCRL
040 _beng
040 _cCRL
041 _2eng
041 _aeng
084 _qCRL
100 _aSusan Selke
_91212712
245 0 _aPackaging and the Environment
245 0 _bAlternatives, Trends and Solutions
260 _bTaylor and Francis
260 _c1994
365 _a
365 _b260
856 _uhttp://www.taylorfrancis.com/books/9780203744550
942 _cEBOOK
999 _c1817118
_d1817118